000 01622nam a2200481 ab4500
001 21722
003 VRT
005 20260309103028.0
008 240318s2016 xr a a 000 p slo
015 _aSNBZSA2016
020 _a9788074514951
_q(viazané)
035 _a2C724DFA-20D7-48E7-9963-C59498E38855
035 _aurn:nbn:sk:snk-amyc6t
035 _aurn:nbn:sk:snk-am00ch31
039 9 _a202403182217
_bVLOAD
_c201712190730
_dVLOAD
_c201612121418
_dmtotk19
_c201612121417
_dmtotk19
040 _aPOKPOH
_bslo
_cPOKPOH
_dSNK
_eAACR2
041 1 _aslo
_hcze
044 _axr
_cCZ
072 7 _a821.162.3
_xČeská literatúra
_2konspekt
072 7 _a821-93
_xLiteratúra pre deti a mládež (beletria)
_2konspekt
080 _a821.162.3-1
_22011
080 _a82-93-053.2
_22011
100 1 _aTetourová, Marie
_4aut
245 1 0 _aRozpoviem vám rozprávku
_c[text] Marie Tetourová ; [ilustrácie] Edita Plicková ; [prebásnili: Táňa Dunajová, Jaro Dunaj]
260 _aPraha
_bOttovo nakladatelství
_c2016
300 _a112 s.
_bilustr.
_c30 cm
655 7 _ačeská poézia
_2SNKPH
655 7 _apublikácie pre deti
_2SNKPH
655 7 _aCzech poetry
_2SNKPHeng
655 7 _aChildren's literature
_2SNKPHeng
700 1 _aPlicková, Edita,
_d1940-
_4ill
700 1 _aDunajová, Táňa
_4adp
700 1 _aDunaj, Jaro
_4adp
910 _apokpoh
910 _ahevk
910 _abjkdg
910 _askpk
910 _asnk
910 _attkjf
910 _atotk
942 _2ddc
_cKLDE
_n0
949 _617A1198653
_asnkSB 89775
_bsnk2016/15932
_oPemic54-ah/25Int. č. fa – 38/2016
_s6100:20161212
999 _c21722
_d21722